MARC details
| 000 -CABECERA |
| campo de control de longitud fija |
02996pam a22004211i 4500 |
| 001 - NÚMERO DE CONTROL |
| campo de control |
991009836369707026 |
| 003 - IDENTIFICADOR DEL NÚMERO DE CONTROL |
| campo de control |
UkOxU |
| 005 - FECHA Y HORA DE LA ÚLTIMA TRANSACCIÓN |
| campo de control |
20250703133417.0 |
| 006 - CÓDIGOS DE INFORMACIÓN DE LONGITUD FIJA--CARACTERÍSTICAS DEL MATERIAL ADICIONAL |
| campo de control de longitud fija |
m || d | |
| 007 - CAMPO FIJO DE DESCRIPCIÓN FÍSICA--INFORMACIÓN GENERAL |
| campo de control de longitud fija |
cr ||||||||||| |
| 008 - DATOS DE LONGITUD FIJA--INFORMACIÓN GENERAL |
| campo de control de longitud fija |
180608s2018 enk o 000|0|eng|d |
| 015 ## - NÚMERO DE BIBLIOGRAFÍA NACIONAL |
| Número de bibliografía nacional |
GBB8C6961 |
| Fuente |
bnb |
| 020 ## - NÚMERO INTERNACIONAL ESTÁNDAR DEL LIBRO |
| Número Internacional Estándar del Libro |
9780241301975 |
| 035 ## - NÚMERO DE CONTROL DEL SISTEMA |
| Número de control de sistema |
021404788-44oxf_inst |
| 035 ## - NÚMERO DE CONTROL DEL SISTEMA |
| Número de control de sistema |
(UkOxU)021404788 |
| 035 ## - NÚMERO DE CONTROL DEL SISTEMA |
| Número de control de sistema |
(Uk)018935021 |
| 037 ## - FUENTE DE ADQUISICIÓN |
| Número de adquisición |
PenguinGroup462974 |
| Fuente del número de adquisición |
Ingram Content Group |
| 040 ## - FUENTE DE LA CATALOGACIÓN |
| Centro catalogador/agencia de origen |
StDuBDS |
| Lengua de catalogación |
eng |
| Normas de descripción |
rda |
| -- |
pn |
| Centro/agencia transcriptor |
StDuBDS |
| Centro/agencia modificador |
Uk |
| 041 ## - CÓDIGO DE LENGUA |
| Código de lengua del texto/banda sonora o título independiente |
eng |
| 042 ## - CÃDIGO DE AUTENTICACIÃN |
| Código de autenticación |
ukblsr |
| 050 ## - SIGNATURA TOPOGRÁFICA DE LA BIBLIOTECA DEL CONGRESO |
| Número de clasificación |
MT90 |
| Número de documento/Ítem |
.C58 2018 |
| 110 #0 - ENTRADA PRINCIPAL--NOMBRE DE ENTIDAD CORPORATIVA |
| Nombre de entidad corporativa o nombre de jurisdicción como elemento de entrada |
DK Publishing, Inc. |
| Término indicativo de función/relación |
author |
| 9 (RLIN) |
25653 |
| 245 04 - MENCIÓN DE TÍTULO |
| Título |
The classical music book |
| Resto del título |
: big ideas simply explained |
| Mención de responsabilidad, etc. |
/ contributors: Levon Chilingirian [and 11 others]. |
| 250 ## - MENCIÓN DE EDICIÓN |
| Mención de edición |
First American edition. |
| 260 ## - PUBLICACIÓN, DISTRIBUCIÓN, ETC. |
| Lugar de publicación, distribución, etc. |
London : |
| Nombre del editor, distribuidor, etc. |
Dorling Kindersley Limited, |
| Fecha de publicación, distribución, etc. |
2018. |
| 300 ## - DESCRIPCIÓN FÍSICA |
| Extensión |
352 pages : |
| Otras características físicas |
color illustrations, portraits (chiefly color) ; |
| Dimensiones |
24 cm. |
| 490 ## - MENCIÓN DE SERIE |
| Mención de serie |
Big ideas simply explained |
| 505 ## - NOTA DE CONTENIDO CON FORMATO |
| Nota de contenido con formato |
Early music, 1000-1400 — Renaissance, 1400-1600 — Baroque, 1600-1750 — Classical, 1750-1820 — Romantic, 1810-1920 — Nationalism, 1830-1920 — Modern, 1900-1950 —<br/>Contemporary. |
| 520 ## - SUMARIO, ETC. |
| Sumario, etc. |
From Mozart to Mendelssohn, this comprehensive guide to classical music history and classical music biography is the perfect latest addition to the bestselling Big Ideas series.<br/><br/>Easy to understand and clear to follow, this history of classical music explores and explains music theory and the impact of seminal pieces, while also providing fascinating stories about the lives of crucial composers and performers.<br/><br/>Including an insightful foreword by Katie Derham, The Classical Music Book analyses over 90 works by famous composers. From Thomas Tallis in the early period to baroque masters like Bach and Handel, to the classical genius of Beethoven and Wagner and beyond to the modern day, The Classical Music Book explores the key ideas underpinning the world's greatest classical compositions and musical traditions, and defines their importance to the musical canon, placing them into their wider social, cultural, and historical context.<br/><br/>The unique approach to the subject makes this book the perfect classical music guide for everyone. Regardless of whether you are relatively new to the subject and want to learn or if you are a classical music aficionado, there is plenty to discover in The Classical Music Book. |
| 540 ## - NOTA DE CONDICIONES DE USO Y REPRODUCCIÓN |
| Condiciones de uso y reproducción |
Restricted: Printing from this resource is governed by The Legal Deposit Libraries (Non-Print Works) Regulations (UK) and UK copyright law currently in force. |
| Institución que aplica el campo |
UkOxU |
| 588 ## - NOTA DE FUENTE DE LA DESCRIPCIÓN |
| Nota de fuente de la descripción |
Description based on CIP data; resource not viewed. |
| 650 #0 - PUNTO DE ACCESO ADICIONAL DE MATERIA--TÉRMINO DE MATERIA |
| Término de materia o nombre geográfico como elemento de entrada |
Music appreciation |
| 9 (RLIN) |
25655 |
| 650 #0 - PUNTO DE ACCESO ADICIONAL DE MATERIA--TÉRMINO DE MATERIA |
| Término de materia o nombre geográfico como elemento de entrada |
Music |
| Subdivisión geográfica |
Europe |
| Subdivisión general |
History and criticism |
| 9 (RLIN) |
25656 |
| 650 #0 - PUNTO DE ACCESO ADICIONAL DE MATERIA--TÉRMINO DE MATERIA |
| Término de materia o nombre geográfico como elemento de entrada |
Composers |
| Subdivisión geográfica |
Europe |
| Subdivisión de forma |
Miscellanea |
| 9 (RLIN) |
25657 |
| 700 ## - ENTRADA AGREGADA--NOMBRE PERSONAL |
| Nombre de persona |
Derham, Katie |
| Término indicativo de función/relación |
writer of supplementary textual content |
| 9 (RLIN) |
25658 |
| 776 08 - ENTRADA DE FORMULARIO FÍSICO ADICIONAL |
| Información de relación/Frase instructiva de referencia |
Print version : |
| Número Internacional Estándar del Libro |
9780241301975 |
| 942 ## - ELEMENTOS DE ENTRADA AGREGADA (KOHA) |
| Fuente del sistema de clasificación o colocación |
Clasificación de Library of Congress |